Mente y materia: conferencias Tarner leídas en el Trinity Cambridge, en octubre de 1956
Gardado en:
| Autor Principal: | |
|---|---|
| Formato: | Libro |
| Idioma: | Lingua castelá |
| Publicado: |
Barcelona
Tusquets
1985
|
| Edición: | 3a. ed |
| Series: | Cuadernos Infimos, 10
|
| Subjects: | |
| Tags: |
Engadir etiqueta
Sen Etiquetas, Sexa o primeiro en etiquetar este rexistro!
|
MARC
| LEADER | 00000nam a2200000 a 4500 | ||
|---|---|---|---|
| 001 | UCO9401 | ||
| 003 | CL-VaPUC | ||
| 008 | 010302e19850000SP |||||||||||||||||spa|d | ||
| 082 | 0 | 4 | |a 501 |b SCH |2 21 |
| 100 | 0 | |a Schrödinger, Erwin |e author |9 454521 | |
| 245 | 1 | 0 | |a Mente y materia: conferencias Tarner leídas en el Trinity Cambridge, en octubre de 1956 |
| 250 | |a 3a. ed | ||
| 300 | |a 95 p | ||
| 942 | |c BK | ||
| 945 | |d 20010302 00:00:00 |a vberengu | ||
| 260 | |a Barcelona |b Tusquets |c 1985 | ||
| 650 | 0 | |a Filosofía de las ciencias |9 256466 | |
| 650 | 0 | |a Teoría del conocimiento |9 255038 | |
| 650 | 0 | |a Aritmética |9 270049 | |
| 650 | 0 | |a Religión |9 255164 | |
| 650 | 0 | |a Conciencia |9 309452 | |
| 650 | 0 | |a Ciencia |9 255691 | |
| 583 | |a last modification |c 20010302 00:00:00 |k Rodrigo Vera | ||
| 490 | 0 | |a Cuadernos Infimos, 10 | |
| 999 | |c 293613 |d 293611 | ||
| 952 | |0 0 |1 0 |4 0 |6 501_000000000000000_SCH_1985 |7 0 |8 A |9 345243 |a FDOPOS |b FDOPOS |d 2019-11-20 |i 3691519 |o 501 SCH 1985 |p 3691519 |r 2025-01-22 |w 2019-11-20 |y BK |k MLA | ||